| 000 | 00658nam a2200205 a 4500 | ||
|---|---|---|---|
| 001 | 000021499 | ||
| 003 | DO-SdBNP | ||
| 005 | 20250912135725.0 | ||
| 008 | 100908s1946 ag a 000 0 spa d | ||
| 040 |
_aDO-SdBNP _bspa _cBNPHU |
||
| 082 | 4 |
_a972.9 _bA357e |
|
| 100 | 1 |
_aAldebot, J. Gabriel _944814 |
|
| 245 | 1 | 0 |
_aEstampas del Caribe / _cJ. Gabriel Aldebot. |
| 260 |
_aBuenos Aires _fLópez _c1946? |
||
| 300 |
_a246 p. : _bil. ; _c22 cm. |
||
| 651 | 0 |
_aCaribe (Región) _xVida social y costumbres _987401 |
|
| 651 | 0 |
_aCaribe (Región) _xCivilización _987401 _vEnsayos, conferencias, etc. |
|
| 910 | _aValidado. Control de calidad EMS. | ||
| 942 |
_2ddc _cLBS1 |
||
| 999 |
_c20999 _d20999 |
||